000
00287nam a22001217a 4500
008
190314b xxu||||| |||| 00| 0 eng d
041
_a
eng
080
_a
043.3
100
_a
0
101
_a
SHP-BA
245
_a
Thellim apo Zgjerim: BE ne Udhekryq Politik
_c
Mehmeti, S
942
_2
udc
_c
BK
999
_c
54806
_d
54806